| 000 | 00678cam a22002295i 4500 | ||
|---|---|---|---|
| 001 | 18460798 | ||
| 003 | PILC | ||
| 005 | 20160601105405.0 | ||
| 008 | 150123s2015 flu 000 0 eng | ||
| 010 | _a 2015931711 | ||
| 020 | _a9781609911362 | ||
| 040 |
_aDLC _beng _erda _cDLC |
||
| 042 | _apcc | ||
| 050 |
_aAG 243 _b.R592 2015 |
||
| 100 | 1 | _aTibballs, Geoff. | |
| 245 | 1 | 0 |
_aRipley's believe it or not! eye-popping oddities / _cGeoff Tibballs. |
| 263 | _a1509 | ||
| 300 |
_a253 pages : _bcolor illustrations ; _c29 cm. |
||
| 906 |
_a0 _bibc _corignew _d2 _eepcn _f20 _gy-gencatlg |
||
| 942 |
_2lcc _cBK |
||
| 999 |
_c295559 _d295559 |
||